Tập tục, lễ hội đất Quảng : Nguyễn Đức Hùng /

Tập tục lễ hội đất Quangrtrong nông nghiệp,lâm nghiệp,ngư nghiệp,thương nghiệp,sinh hoạt gia đinh-Tập tục trong ăn uongs,sinh hoạt gia đình,hôn nhân ,làm nhà,trong sinh hoạt xã hội...

Đã lưu trong:
書目詳細資料
主要作者: Nguyễn Đức Hùng biên tập Hội văn nghệ dân gian TP Đà Nẵng
格式: Luận văn 圖書
語言:Vietnamese
出版: ĐN, 2009.
主題:
標簽: 添加標簽
沒有標簽, 成為第一個標記此記錄!
Thư viện lưu trữ: Mạng thư viện Đại học Đà Nẵng
LEADER 01462cam a22003491a 4500
001 000033222
003 9369
005 20240826140838.0
008 151016s2009 000 vie
040 |a LNN 
041 |a vie 
082 |a 495.92  |b NG-H 
100 |a Nguyễn Đức Hùng  |b biên tập  |c Hội văn nghệ dân gian TP Đà Nẵng 
245 0 |a Tập tục, lễ hội đất Quảng :  |b Nguyễn Đức Hùng /  |c Tập 3. 
260 |a ĐN,  |c 2009. 
300 |a 665tr. : mh ; 25cm. 
502 |a Tổng tập văn hóa văn nghệ dân gian 
520 |a Tập tục lễ hội đất Quangrtrong nông nghiệp,lâm nghiệp,ngư nghiệp,thương nghiệp,sinh hoạt gia đinh-Tập tục trong ăn uongs,sinh hoạt gia đình,hôn nhân ,làm nhà,trong sinh hoạt xã hội... 
650 |a Ngôn ngữ tiếng Việt 
653 |a Tập tục, lễ hội, đất Quảng, mì quảng, kéo co, Nguyễn Đức Hùng 
OWN |a LNN 
AVA |a UDN50  |b LNN  |d 495.92 NG-H  |e available  |t Error 5001 Not defined in file expand_doc_bib_avail.  |f 1  |g 0  |h N  |i 0  |k 1 
999 |a From the UDN01 
AVA |a UDN50  |b LNN  |d 495.92 NG-H  |e available  |t Error 5001 Not defined in file expand_doc_bib_avail.  |f 1  |g 0  |h N  |i 0  |k 1 
TYP |a Dissertation 
TYP |a Monograph 
980 |a Mạng thư viện Đại học Đà Nẵng